The rudiments of music : or, a short and easy treatise on that subject. To which is added, a collection of the best church-tunes, canons and anthems. By Robert Bremner.

Bibliographic Details
Main Author: Bremner, Robert, -1789
Format: eBook
Language:English
Series:Eighteenth century collections online.
Online Access:Full text online

MARC

Tag First Indicator Second Indicator Subfields
LEADER 00000cam a2200000 4500
001 in00001883000
006 m | d |
007 cr |n||||||||n
008 841025s1756 stk|||| s 00||||eng d
005 20260407222935.3
035 |a (CStRLIN)ESTCN13164 
040 |a Cu-RivES  |c Cu-RivES  |d CStRLIN  |d Thomson Gale  |d UtOrBLW 
100 1 |a Bremner, Robert,  |d -1789. 
245 1 4 |a The rudiments of music :  |b or, a short and easy treatise on that subject. To which is added, a collection of the best church-tunes, canons and anthems. By Robert Bremner. 
264 3 |a [Edinburgh] :  |b Printed for the author, and sold at his music-shop, Edinburgh,  |c 1756. 
300 |a 2 unnumbered pages, ix, 1 unnumbered page, 35, 1 unnumbered page, 12, 52p., 2 plates :  |b engr.music ;  |c 8⁰. 
336 |a text  |b txt  |2 rdacontent 
337 |a computer  |b c  |2 rdamedia 
338 |a online resource  |b cr  |2 rdacarrier 
500 |a The final two parts, 12p. and 52p., are engraved music. 
500 |a Reproduction of original from the Huntington Library. 
510 4 |a English Short Title Catalog,  |c ESTCN13164. 
533 |a Electronic reproduction.  |b Farmington Hills, Mich. :  |c Thomson Gale,  |d 2003.  |n Available via the World Wide Web.  |n Access limited by licensing agreements  |7 s2003 miunns 
500 |a Electronic resource. 
830 0 |a Eighteenth century collections online. 
856 4 0 |u http://proxy.library.tamu.edu/login?url=https://galenet.galegroup.com/servlet/ECCO?c=1&stp=Author&ste=11&af=BN&ae=N013164&tiPG=1&dd=0&dc=flc&docNum=CW107947438&vrsn=1.0&srchtp=a&d4=0.33&n=10&SU=0LRL+OR+0LRI&locID=txshracd2898  |z Full text online  |t 0 
999 |a MARS 
999 f f |s ecaf594d-9509-39c1-80f3-f4d8fce56ba6  |i 6c04c04a-4b8b-3fc4-93a3-e9d3d90c2b88  |t 0 
952 f f |a Texas A&M University  |b College Station  |c Electronic Resources  |s www_evans  |d Available Online  |t 0  |h No information provided 
998 f f |t 0  |l Available Online